[Event "EUR-chT Seniors 50"]
[Site "Mali Losinj"]
[Date "2019.09.26"]
[Round "9.4"]
[White "Denning, Julie L"]
[Black "Tirkajla, Boris"]
[Result "0-1"]
[WhiteElo "1629"]
[BlackElo "2060"]
[PlyCount "78"]
[EventDate "2019.09.18"]
[EventType "team-swiss"]
[EventRounds "9"]
[EventCountry "CRO"]
[SourceTitle "EXT 2020"]
[Source "ChessBase"]
[SourceDate "2019.10.17"]
[SourceVersion "1"]
[SourceVersionDate "2019.10.17"]
[SourceQuality "1"]
[WhiteTeam "England 50 II"]
[BlackTeam "Croatia 50 II"]
[WhiteTeamCountry "ENG"]
[BlackTeamCountry "CRO"]

1. d4 f5 2. Bf4 Nf6 3. e3 g6 4. h4 h6 5. Nf3 d6 6. Nc3 Bg7 7. Bd3 0-0 8. Qd2 Nc6 9. e4 Ng4 10. 0-0-0 e6 11. exf5 gxf5 12. Bf1 Ne7 13. h5 Bd7 14. Nh2 Nxh2 15. Rxh2 Rf6 16. g4 Qf8 17. g5 hxg5 18. Bxg5 Bh6 19. Rg2 Kh7 20. f4 Rf7 21. Bd3 Ng8 22. Rdg1 Nf6 23. Qe2 Kh8 24. Bxf6+ Rxf6 25. Qf3 c6 26. Rg6 Be8 27. R6g3 Bf7 28. Ne2 e5 29. dxe5 dxe5 30. Qh1 e4 31. Bxe4 fxe4 32. Qxe4 Re8 33. Qd4 Qd6 34. Qxd6 Rxd6 35. R3g2 Bc4 36. Nc3 Bxf4+ 37. Kb1 Rde6 38. b3 Re1+ 39. Rxe1 Rxe1+ 0-1

[Event "EUR-chT Seniors 50"]
[Site "Mali Losinj"]
[Date "2019.09.24"]
[Round "7.4"]
[White "Plesec, Damjan"]
[Black "Tirkajla, Boris"]
[Result "1-0"]
[WhiteElo "2216"]
[BlackElo "2060"]
[PlyCount "95"]
[EventDate "2019.09.18"]
[EventType "team-swiss"]
[EventRounds "9"]
[EventCountry "CRO"]
[SourceTitle "EXT 2020"]
[Source "ChessBase"]
[SourceDate "2019.10.17"]
[SourceVersion "1"]
[SourceVersionDate "2019.10.17"]
[SourceQuality "1"]
[WhiteTeam "Maribor 50"]
[BlackTeam "Croatia 50 II"]
[WhiteTeamCountry "SLO"]
[BlackTeamCountry "CRO"]

1. d4 f5 2. Bf4 Nf6 3. e3 g6 4. h4 h6 5. Nf3 d6 6. Nc3 Bg7 7. Bd3 Nc6 8. a3 0-0 9. d5 e5 10. dxe6 Bxe6 11. Qd2 Ng4 12. 0-0-0 Nce5 13. Bg3 Nxd3+ 14. Qxd3 Qf6 15. Nd4 Bf7 16. h5 Ne5 17. Bxe5 dxe5 18. hxg6 Bxg6 19. Nb3 c6 20. Nc5 Rfd8 21. Qe2 Qe7 22. Nd3 e4 23. Nf4 Bf7 24. Nb1 Qf6 25. c3 Qe7 26. g4 fxg4 27. Qxg4 Rxd1+ 28. Rxd1 Rd8 29. Rg1 Qe5 30. Nd2 Kh8 31. Ng6+ Bxg6 32. Qxg6 Rd7 33. Nxe4 Re7 34. Ng3 Qf6 35. Nf5 Qxg6 36. Rxg6 Rf7 37. Nxh6 Rxf2 38. Ng4 Rg2 39. Ne5 Re2 40. Nc4 Kh7 41. Re6 Bf8 42. Na5 Bc5 43. Nxb7 Bxe3+ 44. Kb1 Re1+ 45. Ka2 Re2 46. Kb3 Kg7 47. Na5 Kf7 48. Re4 1-0

[Event "CRO-chT2 West"]
[Site "Croatia"]
[Date "2017.04.09"]
[Round "6.1"]
[White "Tirkajla, Boris"]
[Black "Jurman, Pjerino"]
[Result "1/2-1/2"]
[WhiteElo "2070"]
[BlackElo "1986"]
[PlyCount "102"]
[EventDate "2017.03.25"]
[EventType "team-tourn"]
[EventRounds "9"]
[EventCountry "CRO"]
[SourceTitle "EXT 2020"]
[Source "ChessBase"]
[SourceDate "2019.10.17"]
[SourceVersion "1"]
[SourceVersionDate "2019.10.17"]
[SourceQuality "1"]

1. f4 f5 2. Nf3 Nf6 3. g3 e6 4. Bg2 Be7 5. 0-0 0-0 6. b3 c5 7. Bb2 Nc6 8. e3 Qc7 9. d3 Ng4 10. Re1 Bf6 11. Bxf6 Rxf6 12. e4 Nd4 13. h3 Nh6 14. e5 Nxf3+ 15. Bxf3 Rf8 16. Qe2 Rb8 17. a4 b6 18. Na3 d5 19. exd6 Qxd6 20. Nc4 Qd8 21. Ne5 Qd6 22. Qg2 Bd7 23. Kh2 Rbd8 24. Re2 Nf7 25. Rae1 Nxe5 26. Rxe5 Rf6 27. h4 h6 28. Qe2 Kf7 29. Qe3 Rg8 30. h5 g6 31. a5 gxh5 32. Bxh5+ Ke7 33. axb6 axb6 34. Ra1 Qc7 35. c4 Bc6 36. Rd1 Qd6 37. b4 cxb4 38. Qxb6 Rb8 39. Qe3 b3 40. Bf3 Bxf3 41. Qxf3 b2 42. Rb1 Rb3 43. Ra5 Rg6 44. Ra7+ Kf6 45. Qh5 e5 46. fxe5+ Kxe5 47. Ra5+ Kf6 48. Qxf5+ Kg7 49. Ra7+ Kh8 50. Ra8+ Kg7 51. Ra7+ Kh8 1/2-1/2

[Event "CRO-chT2 West"]
[Site "Croatia"]
[Date "2017.03.25"]
[Round "1.1"]
[White "Fucak, Emilijo"]
[Black "Tirkajla, Boris"]
[Result "1-0"]
[WhiteElo "2184"]
[BlackElo "2069"]
[PlyCount "79"]
[EventDate "2017.03.25"]
[EventType "team-tourn"]
[EventRounds "9"]
[EventCountry "CRO"]
[SourceTitle "EXT 2020"]
[Source "ChessBase"]
[SourceDate "2019.10.17"]
[SourceVersion "1"]
[SourceVersionDate "2019.10.17"]
[SourceQuality "1"]

1. e4 Nf6 2. e5 Nd5 3. Bc4 c6 4. Qf3 e6 5. d4 d6 6. Qg3 dxe5 7. dxe5 Nd7 8. Nf3 Qc7 9. Nbd2 f5 10. exf6 Qxg3 11. f7+ Kxf7 12. hxg3 N7f6 13. Ne5+ Ke8 14. g4 Bd6 15. Ndf3 Ne7 16. Bd3 Nd7 17. Nxd7 Bxd7 18. Bg5 h6 19. 0-0-0 Rf8 20. Be3 Nd5 21. Bd4 Rf4 22. Bxg7 Rxg4 23. Be5 Bf8 24. Bg3 Bg7 25. Ne5 Rxg3 26. fxg3 Bxe5 27. Rxh6 Ke7 28. Rh7+ Kd8 29. c4 Nb6 30. g4 Kc7 31. Kc2 Rg8 32. Be2 c5 33. b3 a5 34. Bf3 Bd4 35. Rdh1 Nc8 36. R1h6 e5 37. Bxb7 Nd6 38. Bd5 Rxg4 39. Rxd7+ Kxd7 40. Be6+ 1-0

[Event "CRO-chT3W"]
[Site "Croatia"]
[Date "2016.03.06"]
[Round "3.3"]
[White "Ilic, Veselin"]
[Black "Tirkajla, Boris"]
[Result "1/2-1/2"]
[WhiteElo "2070"]
[BlackElo "2057"]
[PlyCount "41"]
[EventDate "2016.03.05"]
[EventType "team-tourn"]
[EventRounds "9"]
[EventCountry "CRO"]
[SourceTitle "CBM 171 Extra"]
[Source "ChessBase"]
[SourceDate "2016.04.26"]
[SourceVersion "1"]
[SourceVersionDate "2016.04.26"]
[SourceQuality "1"]
[WhiteTeam "Pula II"]
[BlackTeam "Mali Los¡inj"]
[WhiteTeamCountry "CRO"]
[BlackTeamCountry "CRO"]

1. d4 f5 2. Nf3 Nf6 3. g3 g6 4. Bg2 Bg7 5. 0-0 d6 6. c4 0-0 7. Nc3 c6 8. b4 Qc7 9. Bb2 e5 10. dxe5 dxe5 11. Qb3 Kh8 12. c5 e4 13. Nd4 Na6 14. a3 Qe7 15. e3 Nc7 16. Rfd1 Ne6 17. Nce2 Nd5 18. Rd2 a6 19. Rad1 Nec7 20. Nc3 Bd7 21. Qc2 1/2-1/2

[Event "CRO-chT2 West"]
[Site "Croatia"]
[Date "2015.03.22"]
[Round "5.2"]
[White "Grbac, Boris"]
[Black "Tirkajla, Boris"]
[Result "1-0"]
[WhiteElo "2125"]
[BlackElo "2120"]
[PlyCount "79"]
[EventDate "2015.02.21"]
[EventType "team-tourn"]
[EventRounds "9"]
[EventCountry "CRO"]
[SourceTitle "EXT 2016"]
[Source "ChessBase"]
[SourceDate "2015.10.08"]
[SourceVersion "1"]
[SourceVersionDate "2015.10.08"]
[SourceQuality "1"]
[WhiteTeam "Porec Gortan"]
[BlackTeam "Mali Losinj"]
[WhiteTeamCountry "CRO"]
[BlackTeamCountry "CRO"]

1. e4 g6 2. d4 Bg7 3. Nc3 d6 4. Be3 a6 5. Nf3 b5 6. Bd3 Nf6 7. Ne2 Bb7 8. Ng3 Nbd7 9. h3 c5 10. c3 0-0 11. Qd2 Rc8 12. Bh6 cxd4 13. Bxg7 Kxg7 14. cxd4 d5 15. exd5 Bxd5 16. Nh4 e6 17. 0-0 Ne8 18. Qf4 Qf6 19. Qg4 Kh8 20. Rad1 Nd6 21. b3 Rg8 22. Be4 Nxe4 23. Nxe4 Qe7 24. Rfe1 Rc2 25. Qg3 Rgc8 26. Re3 b4 27. Qf4 f6 28. Nf3 Rxa2 29. Nc5 Nxc5 30. dxc5 Rxc5 31. Qxb4 Qc7 32. Qd4 Kg7 33. Ng5 e5 34. Qg4 fxg5 35. Qxg5 Be6 36. Rf3 Bd5 37. Qf6+ Kh6 38. Qf8+ Qg7 39. Qxc5 Bxf3 40. Qe3+ 1-0

[Event "CRO-chT2 West"]
[Site "Croatia"]
[Date "2015.03.22"]
[Round "6.2"]
[White "Tirkajla, Boris"]
[Black "Medancic, Rikard"]
[Result "0-1"]
[WhiteElo "2120"]
[BlackElo "2248"]
[PlyCount "87"]
[EventDate "2015.02.21"]
[EventType "team-tourn"]
[EventRounds "9"]
[EventCountry "CRO"]
[SourceTitle "EXT 2016"]
[Source "ChessBase"]
[SourceDate "2015.10.08"]
[SourceVersion "1"]
[SourceVersionDate "2015.10.08"]
[SourceQuality "1"]
[WhiteTeam "Mali Losinj"]
[BlackTeam "Rijeka Kvarner"]
[WhiteTeamCountry "CRO"]
[BlackTeamCountry "CRO"]

1. Nf3 d5 2. g3 Nf6 3. Bg2 Bf5 4. d3 e6 5. 0-0 Bc5 6. b3 Qe7 7. Bb2 0-0 8. c4 c6 9. Nbd2 Nbd7 10. Qc2 h6 11. e4 dxe4 12. dxe4 Bh7 13. Ne1 Rfd8 14. Nd3 Ba3 15. Bc3 a5 16. h3 Nc5 17. Nxc5 Bxc5 18. Rfe1 Bd4 19. Re2 Qc5 20. Rae1 Nd7 21. Nf3 Bxc3 22. Qxc3 Qb4 23. Rc1 Nc5 24. Qxb4 axb4 25. Ne1 e5 26. f3 g5 27. Kf2 Rd6 28. Rcc2 Rad8 29. Ke3 Rd1 30. Kf2 h5 31. Re3 h4 32. gxh4 gxh4 33. Bf1 Kg7 34. Ng2 f5 35. Rb2 fxe4 36. Nxh4 exf3 37. Rxf3 R8d2+ 38. Rxd2 Rxd2+ 39. Kg3 Rxa2 40. Nf5+ Bxf5 41. Rxf5 Nxb3 42. Rxe5 Kf6 43. Rh5 Nd2 44. Bd3 0-1

[Event "CRO-chT2 West"]
[Site "Croatia"]
[Date "2014.11.16"]
[Round "9.12"]
[White "Muslija, Idris"]
[Black "Tirkajla, Boris"]
[Result "0-1"]
[WhiteElo "2259"]
[BlackElo "2154"]
[PlyCount "76"]
[EventDate "2014.03.15"]
[EventType "team-tourn"]
[EventRounds "9"]
[EventCountry "CRO"]
[SourceTitle "EXT 2019"]
[Source "ChessBase"]
[SourceDate "2018.10.10"]
[SourceVersion "1"]
[SourceVersionDate "2018.10.10"]
[SourceQuality "1"]
[WhiteTeam "Karlobag"]
[BlackTeam "Mali Losinj"]
[WhiteTeamCountry "CRO"]
[BlackTeamCountry "CRO"]

1. e4 g6 2. Nf3 Bg7 3. d4 d6 4. Bc4 Nf6 5. Qe2 0-0 6. 0-0 c6 7. Bb3 Qc7 8. e5 dxe5 9. Nxe5 Nd5 10. c4 Nb6 11. Bf4 Qd8 12. Rd1 N8d7 13. Nc3 e6 14. Nf3 Re8 15. a4 a5 16. Ne4 Nf6 17. Bg5 Nbd7 18. Nd6 Rf8 19. Ne5 Qc7 20. c5 Nxe5 21. dxe5 Nd5 22. Rac1 Bd7 23. Re1 f6 24. exf6 Bxf6 25. Bh6 Bg7 26. Bxg7 Kxg7 27. Qe5+ Kg8 28. Re4 b6 29. h4 bxc5 30. h5 Qd8 31. hxg6 hxg6 32. Rg4 Qf6 33. Qg3 Nf4 34. Re1 Kg7 35. Ne4 Qe5 36. Bc4 Rf7 37. Qe3 Rh8 38. Ng5 Ne2+ 0-1

[Event "CRO-chT2 West"]
[Site "Croatia"]
[Date "2014.03.30"]
[Round "6.41"]
[White "Tica, Sven"]
[Black "Tirkajla, Boris"]
[Result "0-1"]
[WhiteElo "2243"]
[BlackElo "2154"]
[PlyCount "100"]
[EventDate "2014.03.15"]
[EventType "team-tourn"]
[EventRounds "9"]
[EventCountry "CRO"]
[SourceTitle "EXT 2019"]
[Source "ChessBase"]
[SourceDate "2018.10.10"]
[SourceVersion "1"]
[SourceVersionDate "2018.10.10"]
[SourceQuality "1"]
[WhiteTeam "Rijeka CC II"]
[BlackTeam "Mali Losinj"]
[WhiteTeamCountry "CRO"]
[BlackTeamCountry "CRO"]

1. Nf3 g6 2. c4 Bg7 3. Nc3 d6 4. d4 Nd7 5. Bg5 h6 6. Bh4 c5 7. e3 Ngf6 8. Be2 0-0 9. Qc2 cxd4 10. exd4 Nb6 11. 0-0 Bf5 12. Qb3 g5 13. Bg3 Qc8 14. Rac1 Nh5 15. Rfd1 Nxg3 16. hxg3 Nd7 17. Nd5 Re8 18. c5 dxc5 19. Ne3 Bg6 20. Bb5 Rd8 21. dxc5 Nb8 22. Nd5 Bf8 23. Ne5 e6 24. Nf6+ Kg7 25. Ne8+ Rxe8 26. Bxe8 Qxe8 27. Qxb7 Nc6 28. Nxc6 Be4 29. Qd7 Bxc6 30. Qxe8 Rxe8 31. b4 Rb8 32. a3 Be7 33. f3 a5 34. Rd4 e5 35. Rd3 axb4 36. Rb3 Rb5 37. axb4 Kf6 38. Kf2 Ke6 39. Ke3 f5 40. Rbb1 Kd7 41. Kd3 Bd5 42. Rc3 e4+ 43. Kd4 Bf6+ 44. Kxd5 Bxc3 45. Kc4 Rxb4+ 46. Rxb4 Bxb4 47. Kxb4 exf3 48. gxf3 h5 49. Kc4 h4 50. gxh4 gxh4 0-1

[Event "CRO-chT2 West"]
[Site "Croatia"]
[Date "2013.10.19"]
[Round "7.22"]
[White "Tirkajla, Boris"]
[Black "Klasan, Elvis"]
[Result "1/2-1/2"]
[WhiteElo "2151"]
[BlackElo "1991"]
[PlyCount "53"]
[EventDate "2013.03.16"]
[EventType "team-tourn"]
[EventRounds "9"]
[EventCountry "CRO"]
[SourceTitle "EXT 2019"]
[Source "ChessBase"]
[SourceDate "2018.10.10"]
[SourceVersion "1"]
[SourceVersionDate "2018.10.10"]
[SourceQuality "1"]
[WhiteTeam "Mali Losinj"]
[BlackTeam "Drazice Rjecina"]
[WhiteTeamCountry "CRO"]
[BlackTeamCountry "CRO"]

1. g3 e5 2. Bg2 d5 3. d3 Nf6 4. Nf3 Bd6 5. 0-0 0-0 6. Nbd2 c6 7. e4 Be6 8. d4 Nbd7 9. dxe5 Nxe5 10. Nxe5 Bxe5 11. Nf3 Bg4 12. exd5 Nxd5 13. c4 Bxf3 14. Bxf3 Nb6 15. Qc2 Qd4 16. Be2 Bf6 17. Rb1 Rfe8 18. Bf4 Rad8 19. Rfd1 Qc5 20. Rxd8 Rxd8 21. b4 Qe7 22. c5 Nd5 23. Bd6 Qe6 24. Bc4 b5 25. Bxd5 Qxd5 26. Re1 g6 27. Re2 1/2-1/2

[Event "CRO-chT2 West"]
[Site "Croatia"]
[Date "2013.03.17"]
[Round "3.22"]
[White "Fucak, Emilijo"]
[Black "Tirkajla, Boris"]
[Result "1-0"]
[WhiteElo "2210"]
[BlackElo "2151"]
[PlyCount "59"]
[EventDate "2013.03.16"]
[EventType "team-tourn"]
[EventRounds "9"]
[EventCountry "CRO"]
[SourceTitle "EXT 2019"]
[Source "ChessBase"]
[SourceDate "2018.10.10"]
[SourceVersion "1"]
[SourceVersionDate "2018.10.10"]
[SourceQuality "1"]
[WhiteTeam "Rijeka Kvarner"]
[BlackTeam "Mali Losinj"]
[WhiteTeamCountry "CRO"]
[BlackTeamCountry "CRO"]

1. b3 g6 2. Bb2 Nf6 3. g3 Bg7 4. Bg2 0-0 5. c4 d6 6. d4 Nbd7 7. Nc3 e5 8. e3 Re8 9. Nge2 c6 10. Qc2 Ng4 11. Rd1 f5 12. h3 Ngf6 13. Ba3 Bf8 14. dxe5 dxe5 15. Bxf8 Rxf8 16. e4 fxe4 17. 0-0 e3 18. fxe3 Qc7 19. Qd2 Re8 20. g4 h6 21. Be4 Kg7 22. Ng3 Nc5 23. Rf3 Be6 24. Qc2 Nfxe4 25. Ncxe4 Nxe4 26. Nxe4 Rf8 27. Rdf1 Rxf3 28. Rxf3 Rf8 29. Rxf8 Kxf8 30. Qc3 1-0

[Event "CRO-chT2 West"]
[Site "Croatia"]
[Date "2011.11.06"]
[Round "8.12"]
[White "Tirkajla, Boris"]
[Black "Medancic, Rikard"]
[Result "1/2-1/2"]
[WhiteElo "2137"]
[BlackElo "2264"]
[PlyCount "38"]
[EventDate "2011.03.12"]
[EventType "team-tourn"]
[EventRounds "9"]
[EventCountry "CRO"]
[SourceTitle "EXT 2014"]
[Source "ChessBase"]
[SourceDate "2013.11.20"]
[SourceVersion "1"]
[SourceVersionDate "2013.11.20"]
[SourceQuality "1"]

1. g3 c5 2. Nf3 b6 3. Bg2 Bb7 4. 0-0 Nf6 5. d3 e6 6. e4 d6 7. c3 Be7 8. h3 0-0 9. Nh2 Qc7 10. Qe2 Nbd7 11. f4 e5 12. c4 exf4 13. Bxf4 Ne5 14. Nc3 Nc6 15. g4 Nd4 16. Qf2 Nd7 17. Nf3 Nxf3+ 18. Qxf3 a6 19. Qg3 Ne5 1/2-1/2

[Event "CRO-chT2 West"]
[Site "Croatia"]
[Date "2011.04.10"]
[Round "5.42"]
[White "Tirkajla, Boris"]
[Black "Grbac, Boris"]
[Result "1/2-1/2"]
[WhiteElo "2137"]
[BlackElo "2195"]
[PlyCount "71"]
[EventDate "2011.03.12"]
[EventType "team-tourn"]
[EventRounds "9"]
[EventCountry "CRO"]
[SourceTitle "EXT 2014"]
[Source "ChessBase"]
[SourceDate "2013.11.20"]
[SourceVersion "1"]
[SourceVersionDate "2013.11.20"]
[SourceQuality "1"]

1. d3 e5 2. Nf3 Nc6 3. e4 Nf6 4. Be2 Bc5 5. 0-0 d6 6. c3 Bg4 7. b4 Bb6 8. Nbd2 0-0 9. Nc4 Qe7 10. a4 d5 11. exd5 Nxd5 12. Qc2 Nxc3 13. Qxc3 Bd4 14. Qa3 Bxa1 15. Qxa1 Rfd8 16. b5 e4 17. dxe4 Qxe4 18. Ne3 Bxf3 19. Bxf3 Qe5 20. Qa2 Nb4 21. Qb3 Nd3 22. Bd5 Nc5 23. Bxf7+ Kh8 24. Qc2 Nd3 25. Ba3 Rd7 26. Bc4 Rad8 27. h3 Qg5 28. a5 Nf4 29. Kh2 Qe5 30. g3 Nd3 31. Ng4 Qh5 32. Bxd3 Rxd3 33. Qxc7 Qxb5 34. Rc1 R3d7 35. Qc3 Rd3 36. Qc7 1/2-1/2

[Event "CRO-chT2 West"]
[Site "Croatia"]
[Date "2010.04.24"]
[Round "4.16"]
[White "Tirkajla, Boris"]
[Black "Grguric, Dragan"]
[Result "0-1"]
[WhiteElo "2139"]
[BlackElo "2143"]
[PlyCount "104"]
[EventDate "2010.03.27"]
[EventType "team-tourn"]
[EventRounds "9"]
[EventCountry "CRO"]
[SourceTitle "EXT 2012"]
[Source "ChessBase"]
[SourceDate "2011.11.24"]
[SourceVersion "1"]
[SourceVersionDate "2011.11.24"]
[SourceQuality "1"]

1. d3 d6 2. e4 e5 3. c3 Nf6 4. Nf3 g6 5. Be2 Bg7 6. 0-0 0-0 7. Qc2 Re8 8. h3 Nc6 9. b4 Nh5 10. b5 Ne7 11. d4 f5 12. Qb3+ d5 13. exd5 Nxd5 14. dxe5 c6 15. Rd1 Qc7 16. Ng5 Bxe5 17. Rxd5 cxd5 18. Qxd5+ Kg7 19. Bxh5 gxh5 20. Qd2 Qd6 21. Qxd6 Bxd6 22. Nf3 Bd7 23. c4 Rac8 24. Bb2+ Kg8 25. Nbd2 Re2 26. Kf1 Rce8 27. Bd4 Bf4 28. Rd1 Bxd2 29. Nxd2 R2e6 30. f4 b6 31. Be5 Rg6 32. Nb1 Be6 33. Rc1 Rc8 34. Nd2 Rg3 35. Kf2 Ra3 36. Rc2 Ra4 37. Rc3 Rxa2 38. Rg3+ Kf8 39. Ke1 Bxc4 40. Bc3 Bxb5 41. Nb3 h4 42. Re3 Rxg2 43. Nd4 Bd7 44. Kf1 Rg3 45. Bb4+ Kg8 46. Re7 Rd8 47. Bd6 Bc8 48. Be5 a5 49. Rc7 a4 50. Nc6 Ba6+ 51. Ke1 Re3+ 52. Kf2 Re2+ 0-1

[Event "CRO-chT2a"]
[Site "Croatia"]
[Date "2009.04.05"]
[Round "2"]
[White "Licardo, Renato"]
[Black "Tirkajla, Boris"]
[Result "1-0"]
[WhiteElo "2166"]
[BlackElo "2163"]
[PlyCount "49"]
[EventDate "2009.04.04"]
[EventType "team-tourn"]
[EventRounds "9"]
[EventCountry "CRO"]
[SourceTitle "EXT 2010"]
[Source "ChessBase"]
[SourceDate "2010.11.25"]
[SourceVersion "1"]
[SourceVersionDate "2010.11.25"]
[SourceQuality "1"]

1. e4 c5 2. Nf3 g6 3. d4 cxd4 4. Nxd4 Nc6 5. c4 Bg7 6. Be3 Nf6 7. Nc3 Ng4 8. Qxg4 Nxd4 9. Qd1 Ne6 10. Be2 Qa5 11. 0-0 Bxc3 12. bxc3 Qxc3 13. Rc1 Qa5 14. f4 d6 15. f5 Nc5 16. f6 Nxe4 17. fxe7 f5 18. c5 dxc5 19. Bb5+ Kxe7 20. Rxc5 Be6 21. Re5 Rhd8 22. Qb3 Rd6 23. Rxe4 a6 24. Bc5 fxe4 25. Qg3 1-0

[Event "Nerezine Losinj op"]
[Site "Nerezine"]
[Date "2005.05.29"]
[Round "7"]
[White "Jurkovic, Ante"]
[Black "Tirkajla, Boris"]
[Result "1-0"]
[WhiteElo "2336"]
[BlackElo "2122"]
[PlyCount "107"]
[EventDate "2005.05.26"]
[EventType "swiss"]
[EventRounds "7"]
[EventCountry "CRO"]
[SourceTitle "CBM 106 Extra"]
[Source "ChessBase"]
[SourceDate "2005.07.01"]
[SourceVersion "1"]
[SourceVersionDate "2005.07.01"]
[SourceQuality "1"]

1. e4 c5 2. Nf3 Nc6 3. d4 cxd4 4. Nxd4 Nf6 5. Nc3 e5 6. Ndb5 d6 7. Bg5 a6 8. Na3 b5 9. Nd5 Be7 10. Bxf6 Bxf6 11. c3 0-0 12. Nc2 Bg5 13. a4 bxa4 14. Rxa4 a5 15. Bc4 Bb7 16. 0-0 Ne7 17. Nxe7+ Qxe7 18. Bd5 Kh8 19. Qd3 Qd7 20. Rfa1 Bxd5 21. Qxd5 Rab8 22. b4 Bd8 23. h3 Bb6 24. bxa5 Bc5 25. Nb4 f5 26. Nd3 Rb5 27. Nxc5 Rxc5 28. Qd3 fxe4 29. Rxe4 Qc7 30. c4 Ra8 31. a6 Rc6 32. f4 Rcxa6 33. Rxa6 Rxa6 34. fxe5 dxe5 35. Qd5 Ra2 36. Qxe5 Qxe5 37. Rxe5 Kg8 38. Re7 Rc2 39. Rc7 h5 40. h4 Kh7 41. Rc5 Kg6 42. Rg5+ Kf6 43. c5 g6 44. Kf1 Rc4 45. g3 Re4 46. Kf2 Re6 47. Kf3 Ke7 48. Rd5 Re1 49. Kf4 Kf6 50. Rd6+ Kg7 51. c6 Rf1+ 52. Ke5 Re1+ 53. Kd5 Rd1+ 54. Ke6 1-0

[Event "Nerezine Losinj op"]
[Site "Nerezine"]
[Date "2005.05.27"]
[Round "4"]
[White "Serdt, Simon"]
[Black "Tirkajla, Boris"]
[Result "1-0"]
[WhiteElo "2222"]
[BlackElo "2122"]
[PlyCount "61"]
[EventDate "2005.05.26"]
[EventType "swiss"]
[EventRounds "7"]
[EventCountry "CRO"]
[SourceTitle "CBM 106 Extra"]
[Source "ChessBase"]
[SourceDate "2005.07.01"]
[SourceVersion "1"]
[SourceVersionDate "2005.07.01"]
[SourceQuality "1"]

1. d4 d5 2. c4 dxc4 3. Nf3 Nf6 4. e3 e6 5. Bxc4 c5 6. 0-0 a6 7. dxc5 Qxd1 8. Rxd1 Bxc5 9. a3 b5 10. Be2 Nbd7 11. b4 Be7 12. Bb2 Bb7 13. Nbd2 0-0 14. Rac1 Rac8 15. h3 Rxc1 16. Rxc1 Rc8 17. Rxc8+ Bxc8 18. Nd4 Nd5 19. Nc6 Bf8 20. Bf3 N5b6 21. Na7 f6 22. Bd4 Kf7 23. Nb1 e5 24. Bxb6 Nxb6 25. Nxc8 Nxc8 26. Bb7 Nd6 27. Bxa6 Ke6 28. Nc3 Kd7 29. Bxb5+ Kc7 30. Bd3 g6 31. Nd5+ 1-0